| 000 | 00672cab a2200217 4500 | ||
|---|---|---|---|
| 001 | WB2535-19 | ||
| 008 | 090401t1989 xxu||||| |||| 00| 0 eng d | ||
| 035 | _a(Sirsi) u36833 | ||
| 041 | _aeng | ||
| 245 | _aJob losses continue | ||
| 260 | _c1989 | ||
| 350 | _a0 | ||
| 490 |
_aFinancial Adviser _vno 120, 7/9/89 p5 |
||
| 520 | _aHambro Countrywide has reduced its` staff by around 1,000, due to the slump in the residential market . Those most affected are part-time negotiators . | ||
| 650 | _aESTATE AGENCY | ||
| 650 | _aHOUSING | ||
| 650 | _aREDUNDANCY | ||
| 690 | _aMANAGEMENT-BUSINESS MANAGEMENT-PROFESSIONAL PRACTICE | ||
| 942 | _n0 | ||
| 948 | _c04/03/1997 | ||
| 999 |
_c23836 _d23836 |
||